000 00651nam a2200217Ia 4500
003 OSt
005 20250806172635.0
008 210423s1996 xx 000 0 und d
040 _cAL
041 _aEnglish
082 _a320
_bMALH
100 _aYogendra K Malik
_9101963
245 _aHindu nationalists in India
_b: the rise of bharatiya janata party
260 _aNew Delhi
_bVistaar Publication
_c1996
365 _b175
_cINR
650 _aPolitical Science
_9101964
650 _aPolitical Science
_9101964
700 _aSingh, V B
_9234354
906 _abharatiya ; Hindu ; India: ; janata ; nationalists ; party ; rise
942 _2ddc
_cBK
999 _c171833
_d171833